[Event "Seville op 40th"]
[Site "Seville"]
[Date "2015.01.25"]
[Round "2"]
[White "Herrera Ramirez, Daniel"]
[Black "Diaz Castro, Sergio"]
[Result "0-1"]
[WhiteElo "1970"]
[BlackElo "2255"]
[PlyCount "158"]
[EventDate "2015.01.25"]
[EventType "swiss"]
[EventRounds "9"]
[EventCountry "ESP"]
[SourceTitle "CBM 164 Extra"]
[Source "ChessBase"]
[SourceDate "2015.03.02"]
[SourceVersion "1"]
[SourceVersionDate "2015.03.02"]
[SourceQuality "1"]

1. e4 c5 2. Nc3 a6 3. d3 Nc6 4. Be3 e6 5. f4 d5 6. Bf2 Be7 7. g3 h5 8. Bg2 Nf6 9. h3 b5 10. e5 Nd7 11. Nf3 Bb7 12. Qd2 Qc7 13. 0-0 0-0-0 14. d4 g5 15. dxc5 gxf4 16. gxf4 Rhg8 17. Ne2 Nxc5 18. Bxc5 Bxc5+ 19. Nfd4 Rg7 20. c3 Rdg8 21. Rf2 Ne7 22. b4 Bb6 23. Kh1 Ng6 24. Rg1 Nh4 25. Qd3 Kb8 26. Bf3 Rxg1+ 27. Nxg1 Nf5 28. Nge2 Qc4 29. Qxc4 dxc4 30. Bxb7 Kxb7 31. Rf3 Nxd4 32. cxd4 Kc6 33. f5 Kd5 34. Rf4 exf5 35. a4 c3 36. Nxc3+ Kc4 37. axb5 axb5 38. Nxb5 Kxb5 39. Rxf5 Kxb4 40. Rxf7 Bxd4 41. e6 Rg1+ 42. Kh2 Re1 43. Rf5 h4 44. Rf4 Kc5 45. Rxh4 Rxe6 46. Kg2 Rf6 47. Rh7 Kd5 48. h4 Ke4 49. Re7+ Kf4 50. Re8 Rg6+ 51. Kf1 Kf3 52. Ke1 Be3 53. Rf8+ Bf4 54. Kf1 Ra6 55. Re8 Ra1+ 56. Re1 Ra2 57. Re8 Rh2 58. Rg8 Rh1+ 59. Rg1 Rh2 60. Rg8 Rxh4 61. Rg7 Rh1+ 62. Rg1 Rh2 63. Rg8 Rh7 64. Rg6 Rh8 65. Rg7 Rh1+ 66. Rg1 Rh2 67. Rg8 Ra2 68. Re8 Ra6 69. Re2 Rc6 70. Re1 Rc7 71. Re6 Rb7 72. Re8 Ra7 73. Re6 Ra5 74. Re1 Ra3 75. Re6 Ra2 76. Re8 Rb2 77. Re7 Rf2+ 78. Kg1 Rh2 79. Re1 Rh7 0-1

[Event "Seville op 39th"]
[Site "Seville"]
[Date "2014.01.11"]
[Round "2"]
[White "Simonian, Tigran"]
[Black "Herrera Ramirez, Daniel"]
[Result "1-0"]
[WhiteElo "2412"]
[BlackElo "1992"]
[PlyCount "42"]
[EventDate "2014.01.10"]
[EventType "swiss"]
[EventRounds "9"]
[EventCountry "ESP"]
[SourceTitle "CBM 158 Extra"]
[Source "ChessBase"]
[SourceDate "2014.02.28"]
[SourceVersion "1"]
[SourceVersionDate "2014.02.28"]
[SourceQuality "1"]

1. c4 e5 2. Nc3 Nc6 3. Nf3 Nf6 4. g3 Bc5 5. Bg2 0-0 6. 0-0 Re8 7. a3 a5 8. d3 Nd4 9. Rb1 c6 10. e3 Nxf3+ 11. Bxf3 Bf8 12. e4 Bc5 13. b4 axb4 14. axb4 Bd6 15. Be3 Qe7 16. Qb3 Bc7 17. Ra1 Rxa1 18. Rxa1 d6 19. b5 Be6 20. bxc6 bxc6 21. Ra7 Rb8 1-0

[Event "Seville-ch"]
[Site "Seville"]
[Date "2013.01.27"]
[Round "2"]
[White "Herrera Ramirez, Daniel"]
[Black "Mena Espejo, Juan Antonio"]
[Result "1-0"]
[WhiteElo "1989"]
[BlackElo "1773"]
[PlyCount "61"]
[EventDate "2013.01.26"]
[EventType "swiss"]
[EventRounds "6"]
[EventCountry "ESP"]
[SourceTitle "EXT 2014"]
[Source "ChessBase"]
[SourceDate "2013.11.20"]
[SourceVersion "1"]
[SourceVersionDate "2013.11.20"]
[SourceQuality "1"]

1. d4 Nf6 2. Nf3 e6 3. c4 d5 4. e3 Be7 5. Bd3 0-0 6. 0-0 b6 7. Ne5 Bb7 8. Nd2 c5 9. Ndf3 Nbd7 10. cxd5 exd5 11. b3 Ne4 12. Bb2 Ndf6 13. Rc1 Rc8 14. Qe2 Rc7 15. Rfd1 Bd6 16. Bb1 Qe7 17. h3 Rfc8 18. Bd3 cxd4 19. Rxc7 Rxc7 20. Bxd4 Nc3 21. Bxc3 Rxc3 22. Ng4 Ne4 23. Nd4 Bb8 24. Nf5 Qf8 25. Qb2 Rc8 26. Bxe4 dxe4 27. Nfh6+ Kh8 28. Rd7 Qc5 29. Nxf7+ Kg8 30. Nfh6+ Kf8 31. Qxg7+ 1-0

[Event "Seville op 36th"]
[Site "Seville"]
[Date "2011.01.07"]
[Round "1"]
[White "Corrales Jimenez, Fidel"]
[Black "Herrera Ramirez, Daniel"]
[Result "1-0"]
[WhiteElo "2591"]
[BlackElo "1912"]
[PlyCount "73"]
[EventDate "2011.01.07"]
[EventType "swiss"]
[EventRounds "9"]
[EventCountry "ESP"]
[SourceTitle "CBM 140 Extra"]
[Source "ChessBase"]
[SourceDate "2011.03.01"]
[SourceVersion "1"]
[SourceVersionDate "2011.03.01"]
[SourceQuality "1"]

1. d4 Nf6 2. c4 c5 3. d5 b5 4. cxb5 a6 5. bxa6 Bxa6 6. Nc3 g6 7. e4 Bxf1 8. Kxf1 d6 9. Nf3 Bg7 10. g3 0-0 11. Kg2 Ng4 12. Bf4 Nd7 13. Qc2 Qb6 14. Nd2 Rfb8 15. Rhb1 Qb4 16. Bg5 f6 17. Bf4 Nde5 18. h3 Nh6 19. Bxe5 fxe5 20. a3 Qa5 21. Ra2 Qc7 22. Nc4 Nf7 23. b3 Qd7 24. Qe2 h5 25. h4 Nh6 26. b4 cxb4 27. Rxb4 Rxb4 28. axb4 Rf8 29. b5 Ng4 30. f3 Nf6 31. b6 Rb8 32. Ra7 Qd8 33. Qb2 Nd7 34. Na4 Nc5 35. Nxc5 dxc5 36. Qb5 e6 37. d6 1-0